666. výročí Vranovské Panny Marie /

Hlavní autor: Janovský, František, 1860-1918
Jazyk: Čeština
Vydáno: V Brně : [s.n.], 1906
Fyzický popis: 1 nestránkovaný sv.
Knihy
Uloženo v:
LEADER 00714nam a2200205 a 4500
001 000638067
003 CZ BrMZK
005 20030310153020.0
007 ta
008 021125s1906 xr f cze d
040 |a BOA001  |b cze  |c BOA001 
100 1 |a Janovský, František,  |d 1860-1918  |7 jk01051107  |4 aut 
245 1 0 |a 666. výročí Vranovské Panny Marie /  |c František Janovský 
246 3 3 |a Šestisté šedesáté šesté výročí Vranovské Panny Marie 
260 |a V Brně :  |b [s.n.],  |c 1906  |f (Benediktinská tiskárna) 
300 |a 1 nestránkovaný sv. 
910 |a BOA001  |b 1-0032.560 
990 |a BK 
993 |a Y 
996 6 |b 2619462089  |c 1-0032.560  |l MZK  |r Sklad / do 1 hodiny  |n 1  |w 000638067  |u 000010  |a 1  |e BOA001  |j MZK50  |s P